000
00316nam a22001337a 4500
008
260331b ||||| |||| 00| 0 eng d
020
_a
9989114153
041
_a
eng
080
_a
121.1
100
_a
25
101
_a
Antologji
245
_a
Antologji e Lirikës Popullore Shqiptare
_c
Nuhi Vinca
942
_2
udc
_c
BK
999
_c
60957
_d
60957